000 01136nam a2200253Ia 4500
999 _c37837
_d37837
001 3815
003 GE_BSU
005 20190823164724.0
008 181216s1987||||ge |||||||||||||| ||geo||
040 _cGE_BSU
041 _ageo
080 _a271.222 ც–98
100 _aამბაკუმი (დეკანოზი)
_93767
245 _aცხოვრება დეკანოზ ამბაკუმისა მისგანვე დაწერილი /
_cთარგმნა და შენიშვნები დაურთო ია მელიქიძემ.
264 _aთბ. :
_bსაბჭ. საქართველო,
_c1987.
300 _a120 გვ.;
_b 17 სმ.
500 _a შენიშვნები : გვ. 91-113.
541 _h80თ.
653 _aრელიგია
653 _aრუსული მართლმადიდებლური ეკლესია
653 _aძველი რუსული ლიტერატურა
700 _aმელიქიძე, ია
_eმთარგმნელი
_93769
942 _cBK
_2udc